| 000 | 00000nam##2200000za#4500 |
| 001 | 9.614560 |
| 003 | CaOODSP |
| 005 | 20200401041948 |
| 007 | ta |
| 008 | 150406|1998||||xxc||||| f|0| 0 eng|d |
| 022 | |a0706-6457 |
| 040 | |aCaOODSP|beng |
| 043 | |an-cn--- |
| 086 | 1 |aFs97-6/2233E |
| 110 | 1 |aCanada. |bDepartment of Fisheries and Oceans. |
| 245 | 10|aProceedings of a workshop to assess alternatives to the fish survey component of the Environmental Effects Monitoring Program for Canadian pulp and paper mills / |cby Simon C. Courtenay, W. Roy Parker and Gary P. Rawn. |
| 260 | |aOttawa - Ontario : |bFisheries and Oceans Canada |c1998. |
| 300 | |aviii, 108p. : |bfigs., tables ; |c28 cm. |
| 490 | 1 |aCanadian technical report of fisheries and aquatic sciences|x0706-6457|v2233 |
| 500 | |aPrepared at Fisheries and Oceans, Maritimes Region, Science Branch, Gulf Fisheries Centre, P.O. Box 5030, Moncton, New Brunswick, Canada, E1C 9B6. |
| 546 | |aRésumé en français |
| 563 | |aSpiral binding |
| 590 | |a98-36|b1998-09-04 |
| 720 | 1 |aCourtenay, S. C. |
| 720 | 1 |aParker, W. Roy |
| 720 | 1 |aRawn, Gary P. |
| 776 | 0#|tProceedings of a workshop to assess alternatives to the fish survey component of the Environmental Effects Monitoring program for Canadian pulp and paper mills / |w(CaOODSP)9.574001 |
| 830 | #0|aCanadian technical report of fisheries and aquatic sciences,|x0706-6457|v2233|w(CaOODSP)9.514691 |